|
|
|
|
| LEADER |
01128nam a22002892a 4500 |
| 001 |
000175151 |
| 003 |
CZ BrMZK |
| 005 |
20080205100621.0 |
| 007 |
ta |
| 008 |
950101s1990 xr f cze d |
| 015 |
|
|
|a cnb000057887
|
| 035 |
|
|
|a (OCoLC)39406822
|
| 040 |
|
|
|a BOA001
|b cze
|
| 080 |
9 |
|
|a 885.0-2
|
| 100 |
1 |
|
|a Vyskočil, Ivan,
|d 1929-2023
|7 jk01151228
|4 aut
|
| 245 |
1 |
0 |
|a Cesta do Úbic /
|c Ivan Vyskočil ; zcela volně podle krásného N.V. Gogola v jeho duchu a k jeho poctě - s pomocí Vlasty Špicnerové a Barbory Hockové
|
| 250 |
|
|
|a 1. nákl.
|
| 260 |
|
|
|a Praha :
|b Divadelní a literární agentura,
|c 1990
|
| 300 |
|
|
|a 43 s.
|
| 700 |
1 |
|
|a Špicnerová, Vlasta,
|d 1953-
|7 pna2008482473
|4 aut
|
| 700 |
1 |
|
|a Hocková, Barbora
|4 aut
|
| 700 |
1 |
|
|a Gogol‘, Nikolaj Vasil‘jevič,
|d 1809-1852
|7 jn19990210244
|4 aut
|
| 856 |
4 |
1 |
|u http://www.digitalniknihovna.cz/mzk/uuid/uuid:b46ebab0-2f58-11e3-8d9d-005056827e51
|y Digitalizovaný dokument
|x NDK
|
| 910 |
|
|
|a BOA001
|b 4-0958.357
|
| 990 |
|
|
|a BK
|
| 991 |
|
|
|b 200801
|
| 996 |
7 |
|
|b 2619948823
|c 4-0958.357
|l MZK
|r Sklad / do 1 hodiny
|n 41
|w 000175151
|u 000010
|a 1
|e BOA001
|j MZK50
|s A
|